Hrozálie v čarodějnické škole / (Záznam č. 34198)

Podrobnosti MARC
000 -Návěští
Řídící pole kódované 24B 02538nam a22004697i 4500
001 - Kontrolní číslo
Řídící pole proměnné 109576
003 - Identifikátor kontrolního čísla
Řídící pole proměnné CZ PrSKC
005 - Datum posledního zpracování
Řídící pole 16B 20260421135752.0
008 - Údaje pevné délky
Řídící pole kódované 40B 260331s2026 xr ||||| |||| 00| 0 cze d
020 ## - ISBN
ISBN 978-80-275-2921-6
-- (Kč 369,00)
040 ## - Zdroj katalogizace-agentura
Agentura původní katalogizace UOG001
Jazyk katalogizace cze
Použitá pravidla popisu rda
041 1# - Kód jazyka
Kód jazyka textu/zvuku, mezititulků cze
Kód jazyka originálu spa
072 #7 - Kód předmětové kategorie - Konspekt
Předmětová kategorie 821.134.2-3
Zpřesnění předmětové kategorie Španělská próza, španělsky psaná
Zdroj předmětové klasifikace Konspekt
072 #7 - Kód předmětové kategorie - Konspekt
Předmětová kategorie 821-93
Zpřesnění předmětové kategorie Literatura pro děti a mládež (beletrie)
Zdroj předmětové klasifikace Konspekt
080 1# - MDT
Klasifikační znak MDT 821.134.2-32
Idetifikátor vydání MDT MRF
080 1# - MDT
Klasifikační znak MDT 821-93
Idetifikátor vydání MDT MRF
080 1# - MDT
Klasifikační znak MDT (0:82-32)
Idetifikátor vydání MDT MRF
044 ## - Kód země vydání/výroby
Kód geografické oblasti/země xr
100 1# - Hlavní záhlaví - osobní jméno autora
Osobní jméno Isern, Susanna,
Datumy související se jménem 1978-
-- xx0246095
Kód role aut
9 (RLIN) 14558
240 10 - Unifikovaný název
Unifikovaný název <a href="Malvarina.">Malvarina.</a>
Jazyk díla Česky
245 10 - Údaje o názvu
Název Hrozálie v čarodějnické škole /
Údaj o odpovědností, atd. Susanna Isernová, Laura Proiettiová ; přeložila Jana Pokojová
250 ## - Údaje o vydání
Označení vydání První vydání
264 #1 - Nakladatelské údaje
Místo vydání Brno :
Nakladatel Host,
Rok vydání 2026
300 ## - Fyzický popis
Rozsah 110 stran :
další fyzické údaje barevné ilustrace ;
Rozměry 20 cm
336 ## -
-- text
-- txt
-- rdacontent
337 ## -
-- bez média
-- n
-- rdamedia
338 ## -
-- svazek
-- nc
-- rdacarrier
500 ## - Všeobecná poznámka
Text obecné poznámky Přeloženo ze španělštiny
500 ## - Všeobecná poznámka
Text obecné poznámky Ilustrace Laura Proiettiová
520 2# - Anotace
Anotace, atd. Vypadalo to jako nevinný inzerát v Magických novinách
Rozšířený text anotace „Přijímáme nové učně do čarodějnické školy vedené slovutnou čarodějkou Černírou,“ přečetla si Hrozálie jednoho dne v novinách. (Ty mimochodem málem spálil na popel drak jménem Jiskra a následně je rozmáčela jeho sestra Hydra. Ano, život s draky přináší různá překvapení. Ale zpátky k inzerátu.) Hrozálii připadlo, že musí jít o řízení osudu a že nemůže být nic lepšího než se do školy přihlásit. Kdyby jen tušila, co ji čeká Zamkla by se doma na sedm západů a nevystrčila by ani špičku nosu. Jenže to bychom neměli co číst, což by byla škoda. I v pátém díle čarodějnické série se můžete těšit na napětí, humor, kouzla a nástrahy, které Hrozálie překoná i díky skvělým kamarádům, kterých má čím dál víc. S Hrozálií se chce zkrátka kamarádit každý. Tedy skoro každý
521 8# -
-- Pro děti od 5 let
655 #7 - Rejstříkový termín - žánr/forma
Žánr/forma či základní termín španělské příběhy
-- fd183422
-- czenas
-- 6044
655 #7 - Rejstříkový termín - žánr/forma
Žánr/forma či základní termín publikace pro děti
-- fd133156
-- czenas
700 1# - Vedlejší záhlaví - osobní jméno autora
Osobní jméno Proietti, Laura,
Datumy související se jménem 1994-
-- xx0306821
Kód role ill
9 (RLIN) 17525
700 1# - Vedlejší záhlaví - osobní jméno autora
Osobní jméno Pokojová, Jana,
Datumy související se jménem 1982-
-- xx0255598
Kód role trl
9 (RLIN) 20677
765 1# - Záhlaví v originálním jazyce
Název Malvarina
787 08 -
-- Z cyklu:
-- Zloduška
-- 5
900 ## -
-- UOG001
-- 17
998 ## - Místní kontrolní číslo (RLIN)
-- 010814499
910 ## - Údaje o vlastníkovi jednotky (exempláře)
Sigla vlastníka jednotky ABG508
993 ## - pracovní čísla
-- 241.00
-- 369.00
-- Team Business
-- 2026-04-21
-- 1076096
Jednotky
Stav ztráty Zdroj klasifikace pro skladování Stav poškození
  Universal Decimal Classification  

Používáme knihovní systém Koha